[Event "Online Olym Div3 C"]
[Site "Chess.com INT"]
[Date "2021.08.28"]
[Round "6.1"]
[White "Abdulla, Murad"]
[Black "Bardhi, Valmor"]
[Result "1/2-1/2"]
[WhiteElo "2287"]
[BlackElo "2160"]
[PlyCount "210"]
[EventDate "2021.08.27"]
[EventType "team-tourn (rapid)"]
[EventRounds "9"]
[EventCountry "USA"]
[SourceTitle "CBM 204 Extra"]
[Source "ChessBase"]
[SourceDate "2021.11.30"]
[SourceVersion "1"]
[SourceVersionDate "2021.11.30"]
[SourceQuality "1"]
[WhiteTeam "Scotland"]
[BlackTeam "Kosovo"]
[WhiteTeamCountry "SCO"]
[BlackTeamCountry "KOS"]

1. e4 e5 2. Nf3 Nc6 3. Bc4 Bc5 4. d3 d6 5. h3 h6 6. c3 Nf6 7. Nbd2 Be6 8. 0-0 Bxc4 9. Nxc4 0-0 10. a4 a6 11. b4 Ba7 12. Be3 Re8 13. b5 Bxe3 14. bxc6 Ba7 15. cxb7 Rb8 16. Rb1 c6 17. Re1 Qc7 18. Qc2 Red8 19. d4 exd4 20. cxd4 d5 21. exd5 cxd5 22. Ne3 Rxb7 23. Rxb7 Qxb7 24. Rc1 Bb8 25. Rb1 Qd7 26. Rb6 a5 27. Rb5 Rc8 28. Qb2 Bc7 29. Ne5 Qe6 30. Nd3 Qd6 31. g3 Qe7 32. Qe2 Qa3 33. Nxd5 Nxd5 34. Rxd5 Qxa4 35. Qf3 Re8 36. Kg2 Qc6 37. Rc5 Qd6 38. Rc6 Qd7 39. Nc5 Qe7 40. Ra6 Qd8 41. Nb3 Qd7 42. Nxa5 Bxa5 43. Rxa5 Qxd4 44. Rf5 Qc4 45. Rf4 Qe6 46. h4 Rb8 47. Re4 Qd7 48. Qe3 Qb7 49. Kh2 Qc6 50. Re7 Rf8 51. Qf4 Qc5 52. Rc7 Qb6 53. Rd7 Qc6 54. Rd6 Qb7 55. g4 Ra8 56. Rd3 Qe7 57. g5 hxg5 58. hxg5 g6 59. Rh3 Rd8 60. Re3 Qd6 61. Kg3 Qxf4+ 62. Kxf4 Rd5 63. Re5 Rd4+ 64. Kg3 Kg7 65. Ra5 Rb4 66. f3 Rc4 67. Rb5 Ra4 68. Rd5 Kf8 69. Rd8+ Ke7 70. Rb8 Ke6 71. f4 Ke7 72. Kg4 Rc4 73. Kf3 Ra4 74. Rc8 Kd7 75. Rc3 Ke6 76. Rc7 Rb4 77. Rc6+ Ke7 78. Rc7+ Ke6 79. Rc5 Ra4 80. Re5+ Kd6 81. Re3 Rb4 82. Kg4 Ra4 83. Re1 Kd7 84. Re5 Rb4 85. Ra5 Ke7 86. Kf3 Kf8 87. Ra6 Kg7 88. Rd6 Ra4 89. Ke3 Rb4 90. Rd4 Rb3+ 91. Ke4 Rb5 92. Rd5 Rb4+ 93. Ke5 Rb1 94. Rd4 Re1+ 95. Kd6 Re6+ 96. Kd7 Kf8 97. Rc4 Kg7 98. Rd4 Re1 99. Kd6 Re2 100. Kd5 Re1 101. Re4 Rd1+ 102. Ke5 Ra1 103. Rd4 Re1+ 104. Re4 Ra1 105. Rd4 Re1+ 1/2-1/2

[Event "Online Olym Div3 C"]
[Site "Chess.com INT"]
[Date "2021.08.27"]
[Round "1.1"]
[White "Bardhi, Valmor"]
[Black "Khalifah, Khaled"]
[Result "0-1"]
[WhiteElo "2160"]
[BlackElo "1860"]
[PlyCount "70"]
[EventDate "2021.08.27"]
[EventType "team-tourn (rapid)"]
[EventRounds "9"]
[EventCountry "USA"]
[SourceTitle "CBM 204 Extra"]
[Source "ChessBase"]
[SourceDate "2021.11.30"]
[SourceVersion "1"]
[SourceVersionDate "2021.11.30"]
[SourceQuality "1"]
[WhiteTeam "Kosovo"]
[BlackTeam "United Arab Emirates"]
[WhiteTeamCountry "KOS"]
[BlackTeamCountry "UAE"]

1. e4 c5 2. Nf3 a6 3. d4 cxd4 4. Nxd4 e5 5. Nf3 Nf6 6. Nc3 Nc6 7. Bg5 Bb4 8. Bd3 0-0 9. 0-0 h6 10. Bh4 Bxc3 11. bxc3 d6 12. h3 Be6 13. Rb1 b5 14. a4 bxa4 15. Ra1 g5 16. Bg3 Qa5 17. Ra3 Qc5 18. Qa1 Nh5 19. Bh2 g4 20. hxg4 Bxg4 21. Nh4 Kh7 22. Rxa4 a5 23. Rb1 Rg8 24. Rc4 Qa7 25. Rxc6 Qe7 26. Bg3 Nxg3 27. fxg3 Bd7 28. Nf5 Qg5 29. Rxd6 Bxf5 30. exf5 Qxg3 31. Bf1 Qe3+ 32. Kh2 Rg5 33. g4 Rxg4 34. Rd3 Qf2+ 35. Kh3 Rh4# 0-1

[Event "KOS-chT"]
[Site "Pristina"]
[Date "2018.05.12"]
[Round "6.3"]
[White "Asllani, Muhamet"]
[Black "Bardhi, Valmor"]
[Result "0-1"]
[WhiteElo "2036"]
[BlackElo "2114"]
[PlyCount "68"]
[EventDate "2018.05.07"]
[EventType "team-tourn"]
[EventRounds "7"]
[EventCountry "KOS"]
[SourceTitle "EXT 2019"]
[Source "ChessBase"]
[SourceDate "2018.10.10"]
[SourceVersion "1"]
[SourceVersionDate "2018.10.10"]
[SourceQuality "1"]
[WhiteTeam "Fushe Kosova"]
[BlackTeam "Theranda"]
[WhiteTeamCountry "KOS"]
[BlackTeamCountry "KOS"]

1. d4 d5 2. Nf3 Nf6 3. c4 e6 4. Nc3 Be7 5. Bf4 c5 6. e3 cxd4 7. exd4 Nc6 8. c5 0-0 9. Bd3 b6 10. Bb5 Bb7 11. Bxc6 Bxc6 12. b4 bxc5 13. dxc5 a5 14. a3 axb4 15. axb4 Rxa1 16. Qxa1 d4 17. Ne2 Bxf3 18. gxf3 d3 19. Nd4 Qd5 20. Rg1 Nh5 21. Be3 Bf6 22. Rg4 e5 23. Nb5 Qxf3 24. Qd1 Qh1+ 25. Kd2 Qb7 26. Nd6 Qd5 27. Qb1 Ra8 28. Rc4 Nf4 29. Bxf4 exf4 30. Qxd3 Ra2+ 31. Rc2 Bc3+ 32. Ke2 Qh5+ 33. f3 Qxh2+ 34. Kd1 Qg1+ 0-1

[Event "KOS-chT"]
[Site "Pristina"]
[Date "2017.05.22"]
[Round "6.1"]
[White "Bardhi, Valmor"]
[Black "Ermeni, Bekim"]
[Result "1/2-1/2"]
[WhiteElo "2098"]
[BlackElo "2147"]
[PlyCount "22"]
[EventDate "2017.05.17"]
[EventType "team-tourn"]
[EventRounds "7"]
[EventCountry "KOS"]
[SourceTitle "CBM 178 Extra"]
[Source "ChessBase"]
[SourceDate "2017.06.22"]
[SourceVersion "1"]
[SourceVersionDate "2017.06.22"]
[SourceQuality "1"]
[WhiteTeam "Theranda"]
[BlackTeam "Vellaznimi"]
[WhiteTeamCountry "KOS"]
[BlackTeamCountry "KOS"]

1. e4 Nf6 2. e5 Nd5 3. c4 Nb6 4. d4 d6 5. exd6 exd6 6. Nc3 Nc6 7. Nf3 Bg4 8. Be3 Be7 9. Be2 0-0 10. b3 Bf6 11. h3 Bf5 1/2-1/2